[Event "23rd ETCC Women 2021"]
[Site "Catez"]
[Date "2021.11.17"]
[Round "5.26"]
[White "Heinemann, Josefine"]
[Black "Matnadze, Ana"]
[Result "1/2-1/2"]
[WhiteElo "2336"]
[BlackElo "2418"]
[Annotator "ChessBase"]
[PlyCount "162"]
[EventDate "2021.11.08"]
[EventType "team-tourn"]
[EventCountry "SLO"]
[SourceTitle "playchess.com"]
[Source "ChessBase"]
[SourceQuality "1"]
[WhiteTeam "Germany"]
[BlackTeam "Spain"]
[WhiteTeamCountry "GER"]
[BlackTeamCountry "ESP"]
[TimeControl "40/5400+30:1800+30"]

1. e4 {[%emt 0:00:03]} c6 {[%emt 0:00:06]} 2. d4 {[%emt 0:00:07]} d5 {[%emt 0:
00:07]} 3. Nd2 {[%emt 0:00:05]} dxe4 {[%emt 0:00:08]} 4. Nxe4 {[%emt 0:00:04]}
Nf6 {[%emt 0:00:04]} 5. Nxf6+ {[%emt 0:00:09]} exf6 {[%emt 0:00:06]} 6. Be3 {
[%emt 0:00:13]} Bd6 {[%emt 0:00:17]} 7. Bd3 {[%emt 0:00:28]} O-O {[%emt 0:00:
27]} 8. Ne2 {[%emt 0:00:42]} Re8 {[%emt 0:00:37]} 9. O-O {[%emt 0:03:26]} Nd7 {
[%emt 0:03:36]} 10. c4 {[%emt 0:03:00]} Nf8 {[%emt 0:00:30]} 11. Ng3 {[%emt 0:
01:50]} Qc7 {[%emt 0:01:37]} 12. Qe2 {[%emt 0:03:34]} Bd7 {[%emt 0:02:40]} 13.
Rfe1 {[%emt 0:07:40]} Ng6 {[%emt 0:06:02]} 14. Qh5 {[%emt 0:07:52]} Rad8 {
[%emt 0:09:20]} 15. Nf5 {[%emt 0:12:59]} Bxf5 {[%emt 0:08:21]} 16. Bxf5 {
[%emt 0:01:35]} Bf4 {[%emt 0:00:49]} 17. g3 {[%emt 0:12:32]} Bxe3 {[%emt 0:00:
24]} 18. Rxe3 {[%emt 0:00:21]} Rxe3 {[%emt 0:11:56]} 19. fxe3 {[%emt 0:00:07]}
Qe7 {[%emt 0:01:42]} 20. Qf3 {[%emt 0:02:39]} Qb4 {[%emt 0:01:17]} 21. b3 {
[%emt 0:02:31]} a5 {[%emt 0:02:25]} 22. Rd1 {[%emt 0:04:45]} a4 {[%emt 0:02:00]
} 23. Bc2 {[%emt 0:04:26]} Qc3 {[%emt 0:04:17]} 24. Qf2 {[%emt 0:01:55]} Re8 {
[%emt 0:01:16]} 25. Rd3 {[%emt 0:03:02]} Qa1+ {[%emt 0:01:58]} 26. Bd1 {
[%emt 0:05:35]} axb3 {[%emt 0:02:39]} 27. axb3 {[%emt 0:02:04]} Ra8 {[%emt 0:
05:34]} 28. Kg2 {[%emt 0:03:05]} Ra2 {[%emt 0:00:58]} 29. Rd2 {[%emt 0:00:18]}
Ra8 {[%emt 0:01:40]} 30. Rd3 {[%emt 0:00:20]} Nf8 {[%emt 0:04:16]} 31. h4 {
[%emt 0:01:50]} g6 {[%emt 0:03:16]} 32. Rd2 {[%emt 0:02:08]} f5 {[%emt 0:01:12]
} 33. Qf1 {[%emt 0:03:43]} Nd7 {[%emt 0:01:27]} 34. Bf3 {[%emt 0:01:14]} Qc3 {
[%emt 0:00:55]} 35. Qd3 {[%emt 0:01:21]} Qb4 {[%emt 0:00:12]} 36. Rb2 {[%emt 0:
01:41]} Ra3 {[%emt 0:02:01]} 37. Kf2 {[%emt 0:01:36]} Nf6 {[%emt 0:00:33]} 38.
c5 {[%emt 0:03:19]} Ra1 {[%emt 0:03:00]} 39. Qd2 {[%emt 0:01:04]} Qxd2+ {
[%emt 0:02:33]} 40. Rxd2 {[%emt 0:00:04]} Rb1 {[%emt 0:00:07]} 41. d5 {[%emt 0:
34:27]} cxd5 {[%emt 0:32:00]} 42. Bxd5 {[%emt 0:00:00]} Nxd5 {[%emt 0:00:00]}
43. Rxd5 {[%emt 0:00:00]} Rxb3 {[%emt 0:00:00]} 44. Rd7 {[%emt 0:00:00]} Rb2+ {
[%emt 0:00:00]} 45. Kf3 {[%emt 0:00:00]} Kg7 {[%emt 0:00:00]} 46. Rc7 {[%emt 0:
00:00]} Kf6 {[%emt 0:00:00]} 47. c6 {[%emt 0:00:00]} bxc6 {[%emt 0:00:00]} 48.
Rxc6+ {[%emt 0:00:00]} Ke5 {[%emt 0:00:00]} 49. Rc5+ {[%emt 0:00:00]} Kd6 {
[%emt 0:00:00]} 50. Ra5 {[%emt 0:00:00]} Rd2 {[%emt 0:00:00]} 51. Ra7 {[%emt 0:
00:00]} Ke6 {[%emt 0:00:00]} 52. Ra3 {[%emt 0:00:00]} h6 {[%emt 0:00:00]} 53.
e4 {[%emt 0:00:00]} fxe4+ {[%emt 0:00:00]} 54. Kxe4 {[%emt 0:00:00]} Rf2 {
[%emt 0:00:00]} 55. Ra6+ {[%emt 0:00:00]} Ke7 {[%emt 0:00:00]} 56. h5 {[%emt 0:
00:00]} Rf6 {[%emt 0:00:00]} 57. Ra7+ {[%emt 0:00:00]} Kf8 {[%emt 0:00:00]} 58.
hxg6 {[%emt 0:00:00]} fxg6 {[%emt 0:00:00]} 59. Rb7 {[%emt 0:00:00]} Rf7 {
[%emt 0:00:00]} 60. Rb6 {[%emt 0:00:00]} Kg7 {[%emt 0:00:00]} 61. Ke3 {[%emt 0:
00:00]} Rf5 {[%emt 0:00:00]} 62. Ra6 {[%emt 0:00:00]} h5 {[%emt 0:00:00]} 63.
g4 {[%emt 0:00:00]} hxg4 {[%emt 0:00:00]} 64. Ra4 {[%emt 0:00:00]} Kh6 {
[%emt 0:00:00]} 65. Rxg4 {[%emt 0:00:00]} Kh5 {[%emt 0:00:00]} 66. Rg1 {
[%emt 0:00:00]} g5 {[%emt 0:00:00]} 67. Ke4 {[%emt 0:02:15]} Rf4+ {[%emt 0:00:
00]} 68. Ke3 {[%emt 0:00:04]} Rf8 {[%emt 0:00:00]} 69. Rh1+ {[%emt 0:00:14]}
Kg6 {[%emt 0:00:00]} 70. Rh2 {[%emt 0:00:35]} Rf4 {[%emt 0:01:46]} 71. Rf2 {
[%emt 0:00:19]} Rg4 {[%emt 0:00:50]} 72. Kf3 {[%emt 0:00:16]} Kh5 {[%emt 0:02:
01]} 73. Rh2+ {[%emt 0:00:17]} Rh4 {[%emt 0:00:06]} 74. Ra2 {[%emt 0:00:03]}
Rc4 {[%emt 0:00:34]} 75. Kg2 {[%emt 0:00:27]} Kg4 {[%emt 0:00:21]} 76. Rb2 {
[%emt 0:00:14]} Kf4 {[%emt 0:00:19]} 77. Ra2 {[%emt 0:00:17]} g4 {[%emt 0:00:
04]} 78. Rb2 {[%emt 0:00:09]} g3 {[%emt 0:00:18]} 79. Ra2 {[%emt 0:00:07]} Kg4
{[%emt 0:00:11]} 80. Rb2 {[%emt 0:00:36]} Rf4 {[%emt 0:00:05]} 81. Ra2 {
[%emt 0:00:07]} Re4 {[%emt 0:00:49]} 1/2-1/2

[Event "23rd ETCC Women 2021"]
[Site "Catez"]
[Date "2021.11.17"]
[Round "5.27"]
[White "Eizaguerri Floris, Maria"]
[Black "Klek, Hanna Marie"]
[Result "1/2-1/2"]
[WhiteElo "2328"]
[BlackElo "2343"]
[Annotator "ChessBase"]
[PlyCount "83"]
[EventDate "2021.11.08"]
[EventType "team-tourn"]
[EventCountry "SLO"]
[SourceTitle "playchess.com"]
[Source "ChessBase"]
[SourceQuality "1"]
[WhiteTeam "Spain"]
[BlackTeam "Germany"]
[WhiteTeamCountry "ESP"]
[BlackTeamCountry "GER"]
[TimeControl "40/5400+30:1800+30"]

1. e4 {[%emt 0:00:02]} e5 {[%emt 0:00:05]} 2. Nf3 {[%emt 0:00:04]} Nc6 {
[%emt 0:00:05]} 3. Bb5 {[%emt 0:00:09]} a6 {[%emt 0:00:05]} 4. Ba4 {[%emt 0:00:
04]} Nf6 {[%emt 0:00:04]} 5. O-O {[%emt 0:00:06]} Be7 {[%emt 0:00:05]} 6. d3 {
[%emt 0:00:14]} b5 {[%emt 0:00:17]} 7. Bb3 {[%emt 0:00:05]} d6 {[%emt 0:00:05]}
8. a3 {[%emt 0:00:10]} Na5 {[%emt 0:00:42]} 9. Ba2 {[%emt 0:00:06]} c5 {
[%emt 0:00:09]} 10. Nc3 {[%emt 0:01:07]} Be6 {[%emt 0:00:08]} 11. Bg5 {[%emt 0:
03:08]} Nc6 {[%emt 0:04:49]} 12. Bxf6 {[%emt 0:02:21]} Bxf6 {[%emt 0:00:07]}
13. Nd5 {[%emt 0:00:09]} Rc8 {[%emt 0:09:46]} 14. a4 {[%emt 0:10:45]} Bg5 {
[%emt 0:06:48]} 15. c3 {[%emt 0:11:32]} Bh6 {[%emt 0:02:27]} 16. axb5 {[%emt 0:
08:53]} axb5 {[%emt 0:00:06]} 17. Bb3 {[%emt 0:00:40]} O-O {[%emt 0:00:37]} 18.
Qe2 {[%emt 0:05:16]} Kh8 {[%emt 0:01:55]} 19. Ra6 {[%emt 0:07:34]} f5 {[%emt 0:
01:42]} 20. exf5 {[%emt 0:05:38]} Bxf5 {[%emt 0:02:10]} 21. Ne3 {[%emt 0:03:04]
} Bg6 {[%emt 0:07:41]} 22. Be6 {[%emt 0:03:11]} Bxe3 {[%emt 0:17:22]} 23. fxe3
{[%emt 0:02:14]} Rc7 {[%emt 0:00:38]} 24. Nh4 {[%emt 0:06:11]} Bf7 {[%emt 0:10:
47]} 25. Qg4 {[%emt 0:13:25]} Bxe6 {[%emt 0:03:38]} 26. Rxf8+ {[%emt 0:00:05]}
Qxf8 {[%emt 0:00:06]} 27. Qxe6 {[%emt 0:00:02]} g6 {[%emt 0:06:40]} 28. Nf3 {
[%emt 0:04:11]} c4 {[%emt 0:04:30]} 29. dxc4 {[%emt 0:02:22]} bxc4 {[%emt 0:00:
20]} 30. Qxc4 {[%emt 0:01:23]} Qc8 {[%emt 0:02:17]} 31. Qa2 {[%emt 0:02:09]}
Qf5 {[%emt 0:08:04]} 32. Ra8+ {[%emt 0:02:48]} Kg7 {[%emt 0:00:05]} 33. h3 {
[%emt 0:06:03]} Rf7 {[%emt 0:01:35]} 34. e4 {[%emt 0:00:22]} Qf4 {[%emt 0:00:
30]} 35. Qb1 {[%emt 0:00:51]} Qe3+ {[%emt 0:02:40]} 36. Kh2 {[%emt 0:00:17]}
Rxf3 {[%emt 0:00:33]} 37. gxf3 {[%emt 0:00:10]} Qf2+ {[%emt 0:00:05]} 38. Kh1 {
[%emt 0:00:03]} Qxf3+ {[%emt 0:00:05]} 39. Kh2 {[%emt 0:00:32]} Qf2+ {[%emt 0:
00:08]} 40. Kh1 {[%emt 0:00:04]} Qf3+ {[%emt 0:00:04]} 41. Kh2 {[%emt 0:32:06]}
Qf2+ {[%emt 0:30:11]} 42. Kh1 {[%emt 0:00:22]} 1/2-1/2

[Event "23rd ETCC Women 2021"]
[Site "Catez"]
[Date "2021.11.17"]
[Round "5.28"]
[White "Schneider, Jana"]
[Black "Calzetta Ruiz, Monica"]
[Result "1-0"]
[WhiteElo "2269"]
[BlackElo "2201"]
[Annotator "ChessBase"]
[PlyCount "89"]
[EventDate "2021.11.08"]
[EventType "team-tourn"]
[EventCountry "SLO"]
[SourceTitle "playchess.com"]
[Source "ChessBase"]
[SourceQuality "1"]
[WhiteTeam "Germany"]
[BlackTeam "Spain"]
[WhiteTeamCountry "GER"]
[BlackTeamCountry "ESP"]
[TimeControl "40/5400+30:1800+30"]

1. e4 {[%emt 0:00:03]} c5 {[%emt 0:00:08]} 2. Nf3 {[%emt 0:00:08]} d6 {[%emt 0:
00:09]} 3. d4 {[%emt 0:00:07]} cxd4 {[%emt 0:00:06]} 4. Nxd4 {[%emt 0:00:05]}
Nf6 {[%emt 0:00:07]} 5. Nc3 {[%emt 0:00:06]} Nc6 {[%emt 0:00:08]} 6. Bg5 {
[%emt 0:01:22]} g6 {[%emt 0:00:09]} 7. Bxf6 {[%emt 0:04:58]} exf6 {[%emt 0:00:
16]} 8. Bc4 {[%emt 0:04:33]} Bg7 {[%emt 0:01:12]} 9. Ndb5 {[%emt 0:05:37]} O-O
{[%emt 0:00:25]} 10. Qxd6 {[%emt 0:10:43]} f5 {[%emt 0:16:01]} 11. O-O-O {
[%emt 0:11:39]} Qg5+ {[%emt 0:06:35]} 12. f4 {[%emt 0:04:36]} Qh6 {[%emt 0:14:
49]} 13. Kb1 {[%emt 0:10:49]} fxe4 {[%emt 0:05:17]} 14. Nxe4 {[%emt 0:02:17]}
Bg4 {[%emt 0:17:30]} 15. Rd2 {[%emt 0:07:06]} Rad8 {[%emt 0:01:26]} 16. Qc7 {
[%emt 0:00:09]} Rc8 {[%emt 0:00:30]} 17. Qxb7 {[%emt 0:07:12]} Na5 {[%emt 0:05:
55]} 18. Bxf7+ {[%emt 0:00:21]} Rxf7 {[%emt 0:00:04]} 19. Qd5 {[%emt 0:00:19]}
Nc4 {[%emt 0:03:09]} 20. Nbd6 {[%emt 0:02:28]} Nxd2+ {[%emt 0:00:33]} 21. Nxd2
{[%emt 0:00:05]} Rcf8 {[%emt 0:08:09]} 22. Nxf7 {[%emt 0:04:27]} Rxf7 {[%emt 0:
00:03]} 23. Ne4 {[%emt 0:02:16]} Qxf4 {[%emt 0:04:42]} 24. Ng5 {[%emt 0:00:59]}
h6 {[%emt 0:03:52]} 25. Nxf7 {[%emt 0:00:38]} Qxf7 {[%emt 0:00:03]} 26. Qxf7+ {
[%emt 0:01:01]} Kxf7 {[%emt 0:00:02]} 27. Rf1+ {[%emt 0:01:56]} Ke6 {[%emt 0:
01:17]} 28. Rf4 {[%emt 0:00:19]} h5 {[%emt 0:02:02]} 29. Ra4 {[%emt 0:01:31]}
Be5 {[%emt 0:00:04]} 30. Ra6+ {[%emt 0:05:27]} Kf5 {[%emt 0:00:46]} 31. h3 {
[%emt 0:01:15]} Be2 {[%emt 0:01:17]} 32. Rxa7 {[%emt 0:00:08]} h4 {[%emt 0:04:
45]} 33. Rd7 {[%emt 0:04:22]} Bf4 {[%emt 0:02:51]} 34. a4 {[%emt 0:02:25]} Bf1
{[%emt 0:00:06]} 35. a5 {[%emt 0:00:14]} Bxg2 {[%emt 0:01:51]} 36. a6 {[%emt 0:
00:09]} Bxh3 {[%emt 0:01:38]} 37. Rd5+ {[%emt 0:00:49]} Ke6 {[%emt 0:00:08]}
38. a7 {[%emt 0:00:17]} Bg2 {[%emt 0:00:23]} 39. a8=Q {[%emt 0:00:10]} Bxd5 {
[%emt 0:00:06]} 40. Qg8+ {[%emt 0:00:27]} Ke5 {[%emt 0:00:43]} 41. Qxg6 {
[%emt 0:34:34]} Bg3 {[%emt 0:31:03]} 42. b4 {[%emt 0:00:00]} Be4 {[%emt 0:00:
00]} 43. Qg5+ {[%emt 0:00:00]} Bf5 {[%emt 0:00:00]} 44. b5 {[%emt 0:00:00]} Bf2
{[%emt 0:00:00]} 45. Qd2 {[%emt 0:00:00]} 1-0

[Event "23rd ETCC Women 2021"]
[Site "Catez"]
[Date "2021.11.16"]
[Round "5.29"]
[White "Bulmaga, Irina"]
[Black "Peng, Zhaoqin"]
[Result "1-0"]
[WhiteElo "2405"]
[BlackElo "2351"]
[Annotator "NA"]
[PlyCount "61"]
[EventDate "2021.11.08"]
[EventType "team-tourn"]
[EventCountry "SLO"]
[SourceTitle "playchess.com"]
[Source "ChessBase"]
[SourceQuality "1"]
[WhiteTeam "Romania"]
[BlackTeam "Netherlands"]
[WhiteTeamCountry "ROU"]
[BlackTeamCountry "NED"]
[TimeControl "40/5400+30:1800+30"]

1. e4 {[%emt 0:00:04]} e6 {[%emt 0:00:03]} 2. d4 {[%emt 0:00:07]} d5 {[%emt 0:
00:04]} 3. Nc3 {[%emt 0:00:08]} Bb4 {[%emt 0:00:28]} 4. e5 {[%emt 0:00:09]} c5
{[%emt 0:00:13]} 5. a3 {[%emt 0:00:15]} Bxc3+ {[%emt 0:00:19]} 6. bxc3 {
[%emt 0:00:08]} Qa5 {[%emt 0:00:19]} 7. Bd2 {[%emt 0:00:15]} Qa4 {[%emt 0:00:
11]} 8. Qg4 {[%emt 0:00:17]} Kf8 {[%emt 0:00:34]} 9. h4 {[%emt 0:00:32]} Nc6 {
[%emt 0:01:10]} 10. h5 {[%emt 0:14:29]} Qxc2 {[%emt 0:10:28]} 11. Rc1 {[%emt 0:
05:25]} Qe4+ {[%emt 0:14:31]} 12. Qxe4 {[%emt 0:01:54]} dxe4 {[%emt 0:00:01]}
13. Rh4 {[%emt 0:10:52]} Bd7 {[%emt 0:14:01]} 14. Rb1 {[%emt 0:06:31]} Nd8 {
[%emt 0:18:03]} 15. dxc5 {[%emt 0:07:03]} f5 {[%emt 0:13:04]} 16. exf6 {
[%emt 0:05:53]} gxf6 {[%emt 0:00:36]} 17. Rxe4 {[%emt 0:03:14]} Bc6 {[%emt 0:
00:33]} 18. Rg4 {[%emt 0:03:07]} f5 {[%emt 0:10:16]} 19. Rg3 {[%emt 0:04:22]}
Nf7 {[%emt 0:00:49]} 20. Nf3 {[%emt 0:05:01]} Be4 {[%emt 0:02:56]} 21. Rb4 {
[%emt 0:03:33]} Nf6 {[%emt 0:00:11]} 22. Nd4 {[%emt 0:03:48]} Nxh5 {[%emt 0:02:
54]} 23. Nxe6+ {[%emt 0:06:55]} Ke7 {[%emt 0:00:03]} 24. Rh3 {[%emt 0:00:51]}
Kxe6 {[%emt 0:00:36]} 25. Rxh5 {[%emt 0:00:26]} Rae8 {[%emt 0:02:09]} 26. f3 {
[%emt 0:01:25]} Bc6 {[%emt 0:00:54]} 27. Bd3 {[%emt 0:01:44]} Kf6+ {[%emt 0:06:
47]} 28. Kf2 {[%emt 0:01:20]} Re5 {[%emt 0:00:24]} 29. Be3 {[%emt 0:01:39]} Kg6
{[%emt 0:01:15]} 30. g4 {[%emt 0:01:22]} a5 {[%emt 0:00:54]} 31. Rf4 {[%emt 0:
00:46]} 1-0

[Event "23rd ETCC Women 2021"]
[Site "Catez"]
[Date "2021.11.16"]
[Round "5.30"]
[White "Roebers, Eline"]
[Black "Peptan, Corina-Isabela"]
[Result "1-0"]
[WhiteElo "2304"]
[BlackElo "2385"]
[Annotator "NA"]
[PlyCount "41"]
[EventDate "2021.11.08"]
[EventType "team-tourn"]
[EventCountry "SLO"]
[SourceTitle "playchess.com"]
[Source "ChessBase"]
[SourceQuality "1"]
[WhiteTeam "Netherlands"]
[BlackTeam "Romania"]
[WhiteTeamCountry "NED"]
[BlackTeamCountry "ROU"]
[TimeControl "40/5400+30:1800+30"]

1. e4 {[%emt 0:00:03]} c6 {[%emt 0:00:19]} 2. Nf3 {[%emt 0:00:23]} d5 {[%emt 0:
00:06]} 3. Nc3 {[%emt 0:00:19]} dxe4 {[%emt 0:00:08]} 4. Nxe4 {[%emt 0:00:07]}
Nf6 {[%emt 0:00:07]} 5. Qe2 {[%emt 0:00:13]} Bg4 {[%emt 0:00:08]} 6. Nxf6+ {
[%emt 0:10:06]} gxf6 {[%emt 0:00:06]} 7. g3 {[%emt 0:00:32]} e6 {[%emt 0:02:10]
} 8. Bg2 {[%emt 0:00:59]} Nd7 {[%emt 0:00:10]} 9. d4 {[%emt 0:02:59]} Bd6 {
[%emt 0:06:12]} 10. O-O {[%emt 0:06:01]} h5 {[%emt 0:09:58]} 11. h3 {[%emt 0:
07:37]} Bxf3 {[%emt 0:00:12]} 12. Qxf3 {[%emt 0:00:37]} h4 {[%emt 0:00:20]} 13.
g4 {[%emt 0:00:49]} Qa5 {[%emt 0:29:17]} 14. c4 {[%emt 0:04:25]} O-O-O {
[%emt 0:01:54]} 15. a3 {[%emt 0:11:44]} Qa6 {[%emt 0:00:41]} 16. c5 {[%emt 0:
08:27]} Be7 {[%emt 0:03:25]} 17. b4 {[%emt 0:04:31]} e5 {[%emt 0:13:31]} 18.
Re1 {[%emt 0:07:13]} Rhe8 {[%emt 0:06:18]} 19. a4 {[%emt 0:09:08]} exd4 {
[%emt 0:00:08]} 20. Bf1 {[%emt 0:00:26]} b5 {[%emt 0:00:35]} 21. axb5 {[%emt 0:
00:13]} 1-0

[Event "23rd ETCC Women 2021"]
[Site "Catez"]
[Date "2021.11.16"]
[Round "5.31"]
[White "Cosma, Elena-Luminita"]
[Black "Ratsma, Rosa"]
[Result "1/2-1/2"]
[WhiteElo "2281"]
[BlackElo "2272"]
[Annotator "NA"]
[PlyCount "73"]
[EventDate "2021.11.08"]
[EventType "team-tourn"]
[EventCountry "SLO"]
[SourceTitle "playchess.com"]
[Source "ChessBase"]
[SourceQuality "1"]
[WhiteTeam "Romania"]
[BlackTeam "Netherlands"]
[WhiteTeamCountry "ROU"]
[BlackTeamCountry "NED"]
[TimeControl "40/5400+30:1800+30"]

1. Nf3 {[%emt 0:00:03]} Nf6 {[%emt 0:00:19]} 2. g3 {[%emt 0:00:09]} d5 {
[%emt 0:00:51]} 3. Bg2 {[%emt 0:00:05]} e6 {[%emt 0:00:49]} 4. O-O {[%emt 0:00:
11]} c5 {[%emt 0:04:09]} 5. d4 {[%emt 0:07:19]} cxd4 {[%emt 0:05:14]} 6. Nxd4 {
[%emt 0:00:30]} Nc6 {[%emt 0:00:29]} 7. c4 {[%emt 0:00:38]} Qb6 {[%emt 0:01:48]
} 8. Nxc6 {[%emt 0:12:53]} bxc6 {[%emt 0:00:26]} 9. Nc3 {[%emt 0:00:17]} Be7 {
[%emt 0:07:02]} 10. cxd5 {[%emt 0:04:29]} exd5 {[%emt 0:17:07]} 11. e4 {
[%emt 0:11:50]} dxe4 {[%emt 0:04:23]} 12. Nxe4 {[%emt 0:02:41]} O-O {[%emt 0:
05:28]} 13. Be3 {[%emt 0:02:55]} Qb5 {[%emt 0:09:39]} 14. a4 {[%emt 0:01:16]}
Qxb2 {[%emt 0:09:03]} 15. Bd4 {[%emt 0:00:50]} Qb7 {[%emt 0:02:50]} 16. Nxf6+ {
[%emt 0:01:45]} Bxf6 {[%emt 0:00:36]} 17. Bxf6 {[%emt 0:02:14]} gxf6 {[%emt 0:
00:05]} 18. Rc1 {[%emt 0:17:58]} Qd7 {[%emt 0:03:40]} 19. Qf3 {[%emt 0:02:18]}
Qf5 {[%emt 0:03:34]} 20. Qxf5 {[%emt 0:06:27]} Bxf5 {[%emt 0:00:06]} 21. Rxc6 {
[%emt 0:00:04]} Be6 {[%emt 0:05:59]} 22. Rc7 {[%emt 0:00:41]} Rfc8 {[%emt 0:00:
38]} 23. Re7 {[%emt 0:10:02]} Kf8 {[%emt 0:01:07]} 24. Rxe6 {[%emt 0:00:08]}
fxe6 {[%emt 0:00:06]} 25. Bxa8 {[%emt 0:00:02]} Rxa8 {[%emt 0:00:07]} 26. Rb1 {
[%emt 0:00:15]} Re8 {[%emt 0:03:18]} 27. f4 {[%emt 0:02:24]} Re7 {[%emt 0:02:
02]} 28. Rb8+ {[%emt 0:02:12]} Kf7 {[%emt 0:00:59]} 29. Kf2 {[%emt 0:00:42]}
Rc7 {[%emt 0:01:54]} 30. Ke3 {[%emt 0:05:04]} Kg6 {[%emt 0:04:30]} 31. Rg8+ {
[%emt 0:01:26]} Kf7 {[%emt 0:01:17]} 32. Ra8 {[%emt 0:00:23]} Kg6 {[%emt 0:00:
24]} 33. Rg8+ {[%emt 0:01:53]} Kf7 {[%emt 0:00:28]} 34. Ra8 {[%emt 0:01:53]}
Kg6 {[%emt 0:00:06]} 35. Rg8+ {[%emt 0:02:06]} Kf7 {[%emt 0:00:14]} 36. Ra8 {
[%emt 0:00:14]} Kg6 {[%emt 0:00:35]} 37. Rg8+ {[%emt 0:00:31]} 1/2-1/2

[Event "23rd ETCC Women 2021"]
[Site "Catez"]
[Date "2021.11.16"]
[Round "5.32"]
[White "Van Foreest, Machteld"]
[Black "Sandu, Mihaela"]
[Result "1/2-1/2"]
[WhiteElo "2141"]
[BlackElo "2244"]
[Annotator "NA"]
[PlyCount "135"]
[EventDate "2021.11.08"]
[EventType "team-tourn"]
[EventCountry "SLO"]
[SourceTitle "playchess.com"]
[Source "ChessBase"]
[SourceQuality "1"]
[WhiteTeam "Netherlands"]
[BlackTeam "Romania"]
[WhiteTeamCountry "NED"]
[BlackTeamCountry "ROU"]
[TimeControl "40/5400+30:1800+30"]

1. e4 {[%emt 0:00:07]} d6 {[%emt 0:00:15]} 2. d4 {[%emt 0:01:51]} Nf6 {[%emt 0:
00:08]} 3. Nc3 {[%emt 0:00:34]} e5 {[%emt 0:00:12]} 4. Nf3 {[%emt 0:04:01]}
Nbd7 {[%emt 0:02:37]} 5. h3 {[%emt 0:02:17]} Be7 {[%emt 0:01:12]} 6. Be3 {
[%emt 0:02:06]} c6 {[%emt 0:03:01]} 7. g3 {[%emt 0:12:47]} O-O {[%emt 0:00:39]}
8. Bg2 {[%emt 0:00:29]} b5 {[%emt 0:09:35]} 9. Nh4 {[%emt 0:03:32]} b4 {
[%emt 0:01:47]} 10. Ne2 {[%emt 0:01:13]} d5 {[%emt 0:10:55]} 11. exd5 {[%emt 0:
10:28]} Nxd5 {[%emt 0:00:23]} 12. Nf5 {[%emt 0:00:54]} N7b6 {[%emt 0:07:55]}
13. Nxe7+ {[%emt 0:02:32]} Qxe7 {[%emt 0:03:22]} 14. O-O {[%emt 0:09:29]} Nxe3
{[%emt 0:01:47]} 15. fxe3 {[%emt 0:00:07]} exd4 {[%emt 0:13:08]} 16. Nxd4 {
[%emt 0:12:15]} Qxe3+ {[%emt 0:02:15]} 17. Kh2 {[%emt 0:00:25]} Bd7 {[%emt 0:
01:01]} 18. Nxc6 {[%emt 0:11:00]} Bxc6 {[%emt 0:00:58]} 19. Bxc6 {[%emt 0:00:
02]} Rad8 {[%emt 0:00:17]} 20. Qh5 {[%emt 0:01:09]} g6 {[%emt 0:07:21]} 21. Qf3
{[%emt 0:05:36]} Rd2+ {[%emt 0:03:08]} 22. Kh1 {[%emt 0:00:07]} Qxf3+ {[%emt 0:
00:16]} 23. Bxf3 {[%emt 0:00:13]} Rxc2 {[%emt 0:00:08]} 24. Bd1 {[%emt 0:02:31]
} Rxb2 {[%emt 0:15:04]} 25. Bb3 {[%emt 0:00:04]} a5 {[%emt 0:00:27]} 26. Rf4 {
[%emt 0:00:05]} Nd7 {[%emt 0:05:06]} 27. Raf1 {[%emt 0:02:25]} Ne5 {[%emt 0:04:
24]} 28. Re4 {[%emt 0:01:17]} Nd3 {[%emt 0:01:22]} 29. Re7 {[%emt 0:00:34]}
Nf2+ {[%emt 0:00:26]} 30. Kg2 {[%emt 0:03:22]} Ne4+ {[%emt 0:00:17]} 31. Kg1 {
[%emt 0:00:03]} Nxg3 {[%emt 0:01:02]} 32. Bxf7+ {[%emt 0:03:26]} Kh8 {[%emt 0:
00:27]} 33. Rd1 {[%emt 0:00:36]} Nf5 {[%emt 0:03:16]} 34. Ra7 {[%emt 0:01:21]}
a4 {[%emt 0:01:12]} 35. Rdd7 {[%emt 0:00:31]} Kg7 {[%emt 0:01:00]} 36. Be6+ {
[%emt 0:01:54]} Kf6 {[%emt 0:00:07]} 37. Bxf5 {[%emt 0:00:14]} Kxf5 {[%emt 0:
00:05]} 38. Rxa4 {[%emt 0:02:28]} Rc8 {[%emt 0:00:35]} 39. Rf7+ {[%emt 0:00:33]
} Ke6 {[%emt 0:00:49]} 40. Rf2 {[%emt 0:01:58]} Rxf2 {[%emt 0:01:32]} 41. Kxf2
{[%emt 0:30:03]} Rc2+ {[%emt 0:30:22]} 42. Kf3 {[%emt 0:00:00]} Rc4 {[%emt 0:
00:00]} 43. Ra7 {[%emt 0:00:00]} h5 {[%emt 0:00:00]} 44. Ra6+ {[%emt 0:00:00]}
Kf5 {[%emt 0:00:00]} 45. Ra5+ {[%emt 0:00:00]} Kf6 {[%emt 0:00:00]} 46. Rb5 {
[%emt 0:00:00]} Kg7 {[%emt 0:00:00]} 47. Kg3 {[%emt 0:00:00]} Kh6 {[%emt 0:00:
00]} 48. Kf3 {[%emt 0:00:00]} h4 {[%emt 0:00:00]} 49. Rb8 {[%emt 0:00:00]} g5 {
[%emt 0:00:00]} 50. Rb6+ {[%emt 0:00:00]} Kh5 {[%emt 0:00:00]} 51. Kg2 {
[%emt 0:00:00]} Rc2+ {[%emt 0:00:00]} 52. Kg1 {[%emt 0:00:00]} Rc4 {[%emt 0:00:
00]} 53. Kh2 {[%emt 0:00:00]} Rd4 {[%emt 0:00:00]} 54. Kh1 {[%emt 0:00:00]} g4
{[%emt 0:00:00]} 55. Rb5+ {[%emt 0:00:00]} Kg6 {[%emt 0:00:00]} 56. hxg4 {
[%emt 0:00:00]} Rxg4 {[%emt 0:00:00]} 57. Ra5 {[%emt 0:00:57]} Rc4 {[%emt 0:00:
00]} 58. a3 {[%emt 0:00:52]} Rc1+ {[%emt 0:00:00]} 59. Kh2 {[%emt 0:00:03]}
Rc2+ {[%emt 0:00:00]} 60. Kh3 {[%emt 0:00:57]} Rc3+ {[%emt 0:00:00]} 61. Kxh4 {
[%emt 0:00:39]} Rxa3 {[%emt 0:00:00]} 62. Rb5 {[%emt 0:00:26]} Rb3 {[%emt 0:01:
41]} 63. Kg4 {[%emt 0:00:50]} Kf6 {[%emt 0:00:06]} 64. Kf4 {[%emt 0:00:19]} Ke6
{[%emt 0:00:40]} 65. Ke4 {[%emt 0:00:21]} Rh3 {[%emt 0:00:05]} 66. Rb6+ {
[%emt 0:00:11]} Kd7 {[%emt 0:00:03]} 67. Kd4 {[%emt 0:00:10]} Kc7 {[%emt 0:00:
25]} 68. Ke4 {[%emt 0:00:10]} 1/2-1/2